| 000 | 04552cam a2200409 i 4500 | ||
|---|---|---|---|
| 003 | SA-RiAUC | ||
| 005 | 20250428083152.0 | ||
| 008 | 250426s2015 su f 001r0 ara c | ||
| 020 | _a9786038100813 | ||
| 024 | 0 | _a00000000971505 | |
| 024 | 0 | _a00000000306311 | |
| 024 | 0 | _a00000000339026 | |
| 040 |
_aSHUN _bara _cSA-RiAUC _dAE-DuMBRL _erda |
||
| 082 | 0 | 4 |
_a332.1221 _qSA-RiAUC |
| 090 |
_a332.1221 _bم ط ر |
||
| 100 | 1 |
_aالمطرودي، عادل بن عبد الله بن محمد _eمؤلف. |
|
| 245 | 1 | 2 |
_aالبنوك التعاونية : _bدراسة فقهية تطبيقية / _cتأليف د. عادل بن عبد الله بن محمد المطرودي. |
| 250 | _aالطبعة الأولى. | ||
| 264 | 1 |
_aالرياض : _bدار الميمان للنشر والتوزيع : _bبنك البلاد، _c2015 |
|
| 300 |
_a536 صفحة ؛ _c24 × 17 سم. |
||
| 336 |
_aنص _btxt _2rdacontent _3كتاب |
||
| 337 |
_aبدون وسيط _bn _2rdamedia |
||
| 338 |
_aمجلد _bnc _2rdacarrier |
||
| 490 | 0 |
_aسلسلة مطبوعات المجموعة الشرعية ؛ _v(13) |
|
| 500 | _aالصف والإخراج الطباعي وتصميم الغلاف : دار الميمان للنشر والتوزيع. | ||
| 500 | _aالأصل أطروحة ماجستير، جامعة الإمام محمد بن سعود الإسلامية، كلية الشريعة بالرياض، قسم الفقه، 1435 هجري. | ||
| 500 | _aكشافات : صفحة 489-495. | ||
| 504 | _aببليوجرافية : صفحة 497-529. | ||
| 520 | _aيتناول كتاب (البنوك التعاونية دراسة فقهية تطبيقية) والذي قام بتأليفه د. عادل بن عبد الله بن محمد المطرودي، موضوع (البنوك التعاونية) الكتاب دراسة تأصيلية تطبيقية تواكب الانتشار الواسع للبنوك التعاونية في العالم، ومن ثم تلبي هذه الدراسة حاجة الدارسين في الفقه الإسلامي إلى مناقشة هذه النازلة، وبيان أحكامها، خصوصا وأن هذه البنوك في أساسها ممارسة غربية وافدة، وبقاؤها دون دراسة يوقع في بعض المحاذير الشرعية. ولذلك استهدف المؤلف من بحثه: معرفة حقيقة البنوك التعاونية وأحكامها، مع دراسة نقدية لبعض البنوك التعاونية، إضافة إلى تقديم الأنموذج الأمثل للبنوك التعاونية الإسلامية. | ||
| 520 | _aهذا الكتاب دراسة تأصيلية تطبيقية تواكب الانتشار الواسع للبنوك التعاونية في العالم مع اعتماد الفكر التعاوني ضمن مناهج التعليم في كثير من جامعات العالم إذ يوجد في دول أوروبا ثلاثة آلاف وتسعمائة وثلاثة وعشرون بنكا تعاونيا وفي بريطانيا يحتل أحد البنوك التعاونية المرتبة الخامسة بين بنوك بريطانيا من حيث الحجم ومن ثم تلبي هذه الدراسة حاجة الدارسين في الفقه الإسلامي إلى مناقشة هذه النازلة وبيان أحكامها خصوصا وأن هذه البنوك في أساسها ممارسة غربية وافدة فبقاؤها دون دراسة يجعل كثيرا من المسلمين يأخذونها دون تمحيص ونظر شرعي مما قد يوقعهم في بعض المحاذير الشرعية اغترارا بالمبادئ العامة للفكر التعاوني ولذلك استهدف المؤلف من وراء بحثه معرفة حقيقة البنوك التعاونية وأحكامها مع دراسة نقدية لبعض البنوك التعاونية إضافة إلى تقديم الأنموذج الأمثل للبنوك التعاونية الإسلامية الأمر الذي يعد إسهام حقيقي في خدمة المصرفية الإسلامية المعاصرة. | ||
| 650 | 7 |
_aالبنوك التعاونية (فقه إسلامي) _2aucsh |
|
| 650 | 7 |
_aالبنوك (فقه إسلامي) _2aucsh |
|
| 856 | 4 | 2 |
_3Book Cover _qJPEG _uhttps://library.ithra.com/bc/00000000339026.jpeg _z<CLICK_TO_VIEW_BOOK_COVER> |
| 856 | 4 | 2 |
_3Table of contents _qPDF _uhttps://library.ithra.com/pdf/.pdf _z<CLICK_TO_ACCESS_TOC> |
| 942 |
_2ddc _cBOOK _n0 |
||
| 949 |
_aSA-JeALM _d250426 _umohamedma123 _n1 |
||
| 999 |
_c7446 _d7446 |
||